Statistics for All USA Cities of 100k+ with an "us" or a "me" in their name (16)

Click here to take the quiz!

General Stats

  • This quiz has been taken 32 times
    (27 since last reset)
  • The average score is 9 of 16

Answer Stats

HintAnswer% Correct
3OhioColumbus
91%
6GeorgiaColumbus
91%
1TexasHouston
91%
9TennesseeMemphis
87%
2TexasAustin
83%
11ArizonaMesa
78%
12AlabamaMontgomery
65%
7New YorkSyracuse
65%
5GeorgiaAugusta
61%
4TexasCorpus Christi
61%
16AlabamaTuscaloosa
35%
10CaliforniaSacramento
30%
15CaliforniaCosta Mesa
17%
13TexasMesquite
13%
14CaliforniaTemecula
9%
8CaliforniaThousand Oaks
9%

Score Distribution

Percentile by Number Answered

Percent of People with Each Score

Your Score History

You have not taken this quiz since the last reset